Weather & Climate

Bibliographic Details
Other Authors: Meena, Shipra
Format: Book
Published: Selangor : Early Learner Publication Sdn.Bhd , 2005
Series:Fun with Questions & Answers
Subjects:

MARC

LEADER 00000cam a2200000 7i4500
001 0000006351
005 20151222.0
008 070816
020 |a 9833002676 
090 0 0 |a Q   |b ENG 
245 1 0 |a Weather & Climate   |c Compiled and edited by Meena & Shipra 
260 |a Selangor :   |b Early Learner Publication Sdn.Bhd ,   |c 2005 
440 |a Fun with Questions & Answers 
500 |a Children ages 10-12 years old (pink) 
650 0 |a Science   |x Juvenile literature 
700 1 |a Meena 
700 1 |a Shipra 
999 |a 0000947467   |b Book   |c Children Collection   |e Cawangan Tangkak 
999 |a 0000984386   |b Book   |c Children Collection   |e Cawangan Batu Pahat 
999 |a 0000984387   |b Book   |c Children Collection   |e Cawangan Bandar Tenggara 
999 |a 0001134369   |b Book   |c Children Collection   |e Cawangan Tangkak 
999 |a 0001134371   |b Book   |c Children Collection   |e Cawangan Pontian